[Event "XII Closed IM BCC 2021"]
[Site "Barcelona"]
[Date "2021.03.18"]
[Round "4.3"]
[White "Boyer, Mahel"]
[Black "Serra Canals, Oriol"]
[Result "1-0"]
[WhiteElo "2333"]
[BlackElo "2220"]
[Annotator "TA"]
[PlyCount "37"]
[EventDate "2021.03.15"]
[EventType "tourn"]
[EventCountry "ESP"]
[SourceTitle "playchess.com"]
[Source "ChessBase"]
[SourceQuality "1"]

{[%evp 13,37,0,30,27,30,25,14,25,12,11,47,48,48,47,51,41,120,118,121,95,391,392,387,384,676,670]} 1. d4 e6 2. c4 d5 3. Nf3 Nf6 4. Nc3 Be7 5. g3 O-O 6. Bg2 dxc4 7. Ne5 Nc6 8. Bxc6 {E06: Closed Catalan: Early deviations.} bxc6 9. Nxc6 Qe8 10. Nxe7+ {The position is equal.} Qxe7 11. Qa4 Rb8 12. Qxc4 Rb4 13. Qc5 Qxc5 14. dxc5 {[#]} Nd7 $146 (14... Nd5 $14) ({Predecessor:} 14... Bb7 15. O-O Nd7 16. b3 Bc6 17. Rd1 h5 18. Rb1 Rfb8 19. Ba3 Rg4 20. f3 Rg6 {1-0 (42) Peng,L (2487)-Milonakis,G (2231) Anogia 2019}) 15. b3 $16 {Strongly threatening Ba3.} Rd8 16. Ba3 Bb7 $2 {[%mdl 8192]} 17. Bxb4 $18 Bxh1 {[#]} 18. f3 $1 Bg2 $2 (18... Ne5 19. Ba5 Rd7) 19. Rd1 {Weighted Error Value: White=0.02/Black=0.83} 1-0

[Event "XII Closed IM BCC 2021"]
[Site "Barcelona"]
[Date "2021.03.18"]
[Round "4.4"]
[White "Garcia Ramos, Daniel"]
[Black "Martin Barcelo, Carles"]
[Result "1-0"]
[WhiteElo "2412"]
[BlackElo "2258"]
[Annotator "TA"]
[PlyCount "77"]
[EventDate "2021.03.15"]
[EventType "tourn"]
[EventCountry "ESP"]
[SourceTitle "playchess.com"]
[Source "ChessBase"]
[SourceQuality "1"]

{[%evp 16,77,13,25,31,18,26,31,35,12,15,23,19,13,26,17,45,44,45,10,35,0,54,38,42,34,95,89,100,90,104,88,146,152,283,181,166,175,243,168,266,281,361,371,510,483,29965,29966,6408,29955,2316,2503,1497,1087,946,834,794,795,767,795,764,777,766,735]} 1. e4 e6 2. d4 d5 3. Nc3 Nf6 4. e5 Nfd7 5. f4 c5 6. Nf3 Nc6 7. Be3 Be7 8. Qd2 O-O 9. dxc5 Qa5 {C11: French: Classical System: 4 e5 and 4 Bg5 dxe4.} 10. a3 Bxc5 11. O-O-O Rd8 {[#] White is slightly better.} (11... Bxe3 12. Qxe3 Qc5 13. Qxc5 Nxc5 14. g3 a6 15. b4 Nd7 16. Kb2 b5 17. Nd2 f6 18. exf6 gxf6 {1-0 (47) Garcia Ramos,D (2362)-Martin Barcelo,C (2201) Barcelona 2020}) 12. Nb5 $146 ({Predecessor:} 12. Bxc5 Nxc5 13. h4 Bd7 14. h5 h6 15. g4 Be8 16. Qe3 d4 17. Nxd4 Nxd4 18. Rxd4 {½-½ (26) Inarkiev,E (2689)-Volkov,S (2645) St Petersburg 2017}) 12... Qxd2+ 13. Kxd2 a6 14. Nbd4 Nb6 15. Bf2 {[#] Strongly threatening Nxc6.} Nxd4 16. Bxd4 Na4 {Black wants to play ...Bxd4.} 17. Kc1 Bd7 18. g4 b5 ({Black should try} 18... Be7 $11) 19. Bxc5 Nxc5 20. Nd4 f6 (20... Ne4 $14) 21. exf6 $16 {White stays focused until the end.} gxf6 22. Bg2 Rac8 23. Rhe1 Kg7 ({Black should play} 23... a5) 24. b4 Na4 (24... Ne4 $16) 25. Nxe6+ Bxe6 26. Rxe6 d4 (26... Nc3 {was necessary.}) 27. Rd3 Rc3 (27... Nc3 $142 28. Bf3 (28. Rxa6 Re8 $11) 28... Rc7) 28. Be4 $18 Rdc8 29. Rxd4 Rxa3 30. Rd7+ Kf8 (30... Kh8 $18 31. Rxa6 Rh3 32. Rxf6 Nc3) 31. Rxf6+ Ke8 32. Rxh7 Ra1+ 33. Kd2 {[#] Threatening mate with Bg6+.White is clearly winning.} Rd8+ 34. Bd3 Nb2 35. Rh8+ Ke7 36. Rxd8 {Hoping for Rdf8.} Kxf6 37. g5+ Ke7 38. Rh8 Rd1+ 39. Ke3 {Weighted Error Value: White=0.17/Black=0.73} 1-0

[Event "XII Closed IM BCC 2021"]
[Site "Barcelona"]
[Date "2021.03.18"]
[Round "4.5"]
[White "Gines Esteo, Pedro Antonio"]
[Black "Alvarez Albiol, Victor"]
[Result "1/2-1/2"]
[WhiteElo "2443"]
[BlackElo "2246"]
[Annotator "TA"]
[PlyCount "55"]
[EventDate "2021.03.15"]
[EventType "tourn"]
[EventCountry "ESP"]
[SourceTitle "playchess.com"]
[Source "ChessBase"]
[SourceQuality "1"]

{[%evp 17,55,56,68,47,64,57,49,43,35,42,36,30,52,25,53,57,57,54,52,36,52,64,68,14,2,-5,-14,-22,-2,-16,0,0,0,-216,-220,-222,-210,-221,-213,-232]} 1. d4 Nf6 2. Nf3 c5 3. d5 g6 4. Nc3 Bg7 5. e4 d6 6. Bb5+ Nfd7 7. a4 O-O 8. O-O Na6 9. Re1 Nc7 10. Bc4 {A43: Schmid Benoni.} a6 11. h3 Rb8 12. Qd3 {[#] White is slightly better.} Ne5 $146 ({Predecessor:} 12... Nb6 13. Bb3 a5 14. Bf4 Na6 15. Nd2 Nb4 16. Qe2 e5 17. dxe6 fxe6 18. Bg3 Nc6 {1-0 (48) Stella,A (2416)-Martinez Duany,L (2526) Pontevedra 2016}) 13. Nxe5 Bxe5 14. Bh6 Re8 15. a5 b5 16. axb6 $1 Rxb6 17. Na4 Rb8 18. f4 Bh8 19. e5 Bd7 20. Kh1 (20. b3 $14) 20... Bb5 $11 21. e6 fxe6 22. dxe6 Bxc4 23. Qxc4 Rb4 ({Wrong is} 23... Bxb2 $2 24. Nxb2 Nb5 25. Nd1 $18) 24. Qe2 Bg7 $36 {[%mdl 2048] Black is more active.} ({Don't blunder} 24... Bxb2 $2 25. Nxb2 Rxb2 26. f5 $18) 25. c3 $2 {[#]} Rxa4 $1 $19 {[%mdl 512] Black is clearly better.} 26. Rxa4 {aiming for Bxg7.} Bxh6 27. f5 {[#]} Rf8 $1 ({And not} 27... gxf5 28. Qh5 $16) 28. Rh4 {Weighted Error Value: White=0.30/Black=0.06} 1/2-1/2

[Event "XII Closed IM BCC 2021"]
[Site "Barcelona"]
[Date "2021.03.19"]
[Round "5.1"]
[White "Alvarez Albiol, Victor"]
[Black "Girel, Joseph"]
[Result "0-1"]
[WhiteElo "2246"]
[BlackElo "2310"]
[Annotator "NA"]
[PlyCount "93"]
[EventDate "2021.03.15"]
[EventType "tourn"]
[EventCountry "ESP"]
[SourceTitle "playchess.com"]
[Source "ChessBase"]
[SourceQuality "1"]
[TimeControl "5400+30"]

1. e4 e5 2. Nf3 Nc6 3. Bc4 Bc5 4. c3 Nf6 5. d3 a6 6. Bb3 Ba7 7. Nbd2 d6 8. Nf1 Ne7 9. Ng3 Ng6 10. O-O O-O 11. h3 c6 12. Be3 Bxe3 13. fxe3 d5 14. exd5 cxd5 15. d4 e4 16. Ne5 Qd6 17. Nxg6 hxg6 18. Qe1 b5 19. Ne2 a5 20. a3 Ba6 21. Qg3 Rfd8 22. Rf2 Qxg3 23. Nxg3 Kf8 24. Nf1 Ke7 25. Nd2 a4 26. Ba2 Bc8 27. Nf1 Be6 28. Ng3 Ne8 29. Ne2 g5 30. Raf1 Nd6 31. Ng3 g6 32. Rf6 Rh8 33. R6f2 Rh4 34. Ne2 Nf5 35. Rxf5 gxf5 36. Ng3 f4 37. exf4 gxf4 38. Bxd5 Rg8 39. Bxe6 Rxg3 40. Bg4 f3 41. Re1 Rxg2+ 42. Kf1 Rgxg4 43. hxg4 Rh1+ 44. Kf2 Rxe1 45. Kxe1 e3 46. Kf1 Kd6 47. g5 0-1

[Event "XII Closed IM BCC 2021"]
[Site "Barcelona"]
[Date "2021.03.19"]
[Round "5.2"]
[White "Martin Barcelo, Carles"]
[Black "Gines Esteo, Pedro Antonio"]
[Result "0-1"]
[WhiteElo "2258"]
[BlackElo "2443"]
[Annotator "NA"]
[PlyCount "86"]
[EventDate "2021.03.15"]
[EventType "tourn"]
[EventCountry "ESP"]
[SourceTitle "playchess.com"]
[Source "ChessBase"]
[SourceQuality "1"]
[TimeControl "5400+30"]

1. e4 {[%emt 0:06:10]} c6 {[%emt 0:01:00]} 2. d4 {[%emt 0:00:09]} d5 {[%emt 0:00:09]} 3. exd5 {[%emt 0:00:07]} cxd5 {[%emt 0:00:08]} 4. Bd3 {[%emt 0:00:05]} Nc6 {[%emt 0:00:07]} 5. c3 {[%emt 0:00:04]} Nf6 {[%emt 0:00:53]} 6. Bf4 {[%emt 0:00:17]} Bg4 {[%emt 0:00:06]} 7. Qb3 {[%emt 0:00:05]} Qd7 {[%emt 0:00:21]} 8. Nd2 {[%emt 0:00:39]} e6 {[%emt 0:00:07]} 9. Ngf3 {[%emt 0:00:13]} Bd6 {[%emt 0:00:32]} 10. Bxd6 {[%emt 0:01:25]} Qxd6 {[%emt 0:00:08]} 11. O-O {[%emt 0:00:13]} O-O {[%emt 0:00:10]} 12. Rae1 {[%emt 0:02:17]} Nd7 {[%emt 0:12:01]} 13. Re3 {[%emt 0:10:31]} Bh5 {[%emt 0:02:59]} 14. Rfe1 {[%emt 0:02:42]} Rfc8 {[%emt 0:22:22]} 15. Ne5 Ncxe5 {[%emt 0:11:47]} 16. dxe5 {[%emt 0:11:47]} Qb6 {[%emt 0:11:22]} 17. Qc2 {[%emt 0:32:45]} Nf8 {[%emt 0:02:29]} 18. Nb3 {[%emt 0:03:36]} Bg6 {[%emt 0:01:53]} 19. Qd2 {[%emt 0:05:04]} Bxd3 {[%emt 0:08:06]} 20. Rxd3 {[%emt 0:00:09]} Qa6 {[%emt 0:00:04]} 21. a3 {[%emt 0:01:02]} b5 {[%emt 0:01:57]} 22. h4 {[%emt 0:07:59]} Qb6 {[%emt 0:01:59]} 23. h5 {[%emt 0:13:05]} a5 {[%emt 0:10:09]} 24. Qg5 {[%emt 0:00:57]} Qd8 {[%emt 0:01:32]} 25. Qf4 {[%emt 0:00:35]} Qe7 {[%emt 0:04:10]} 26. Ree3 {[%emt 0:00:19]} Rc4 {[%emt 0:00:48]} 27. Rd4 {[%emt 0:00:38]} Qc7 {[%emt 0:02:04]} 28. Qg5 {[%emt 0:00:32]} b4 {[%emt 0:03:02]} 29. h6 {[%emt 0:00:14]} Ng6 {[%emt 0:00:28]} 30. cxb4 {[%emt 0:00:44]} axb4 {[%emt 0:00:18]} 31. axb4 {[%emt 0:00:28]} f6 {[%emt 0:01:33]} 32. Qg4 {[%emt 0:00:23]} f5 {[%emt 0:00:10]} 33. Qh5 {[%emt 0:00:41]} Rxd4 {[%emt 0:00:43]} 34. Nxd4 {[%emt 0:00:05]} Qc1+ {[%emt 0:00:17]} 35. Kh2 {[%emt 0:00:06]} Ra1 {[%emt 0:00:20]} 36. Qg5 {[%emt 0:00:35]} Qh1+ {[%emt 0:00:59]} 37. Kg3 {[%emt 0:00:01]} f4+ {[%emt 0:00:06]} 38. Kf3 {[%emt 0:00:14]} fxe3 {[%emt 0:00:57]} 39. Qd8+ {[%emt 0:01:28]} Nf8 {[%emt 0:00:05]} 40. hxg7 {[%emt 0:00:40]} Qh5+ {[%emt 0:00:41]} 41. g4 {[%emt 0:00:23]} Qh3+ {[%emt 0:00:51]} 42. Kf4 {[%emt 0:00:38]} Qh2+ {[%emt 0:00:29]} 43. Kg5 {[%emt 0:00:35]} h6+ {[%emt 0:00:30]} 0-1

[Event "XII Closed IM BCC 2021"]
[Site "Barcelona"]
[Date "2021.03.19"]
[Round "5.3"]
[White "Serra Canals, Oriol"]
[Black "Garcia Ramos, Daniel"]
[Result "0-1"]
[WhiteElo "2220"]
[BlackElo "2412"]
[Annotator "ChessBase"]
[PlyCount "70"]
[EventDate "2021.03.15"]
[EventType "tourn"]
[EventCountry "ESP"]
[SourceTitle "playchess.com"]
[Source "ChessBase"]
[SourceQuality "1"]
[TimeControl "5400+30"]

1. d4 {[%emt 0:00:00]} d5 {[%emt 0:00:00]} 2. c4 {[%emt 0:00:55]} c6 {[%emt 0:00:00]} 3. Nc3 {[%emt 0:00:10]} Nf6 {[%emt 0:00:00]} 4. Nf3 {[%emt 0:00:06]} e6 {[%emt 0:00:04]} 5. Qd3 {[%emt 0:01:39]} dxc4 {[%emt 0:03:10]} 6. Qxc4 {[%emt 0:00:07]} b5 {[%emt 0:00:07]} 7. Qd3 {[%emt 0:00:06]} Bb7 {[%emt 0:00:30]} 8. g3 {[%emt 0:05:24]} Nbd7 {[%emt 0:00:51]} 9. Bg2 {[%emt 0:00:59]} Be7 {[%emt 0:04:29]} 10. O-O {[%emt 0:01:13]} O-O {[%emt 0:01:01]} 11. Rd1 {[%emt 0:00:06]} b4 {[%emt 0:23:01]} 12. Ne4 {[%emt 0:05:12]} Qb6 {[%emt 0:03:58]} 13. Nxf6+ {[%emt 0:06:45]} Bxf6 {[%emt 0:14:28]} 14. Ng5 {[%emt 0:04:00]} g6 {[%emt 0:00:53]} 15. Ne4 {[%emt 0:00:58]} Be7 {[%emt 0:07:14]} 16. Be3 {[%emt 0:01:21]} Qa5 {[%emt 0:03:22]} 17. Nd2 {[%emt 0:04:30]} Rad8 {[%emt 0:05:47]} 18. Nb3 {[%emt 0:05:59]} Qa4 {[%emt 0:06:34]} 19. Qe4 {[%emt 0:05:31]} Ba8 {[%emt 0:03:12]} 20. Qf4 {[%emt 0:00:45]} Qb5 {[%emt 0:01:20]} 21. Qc7 {[%emt 0:04:00]} Qxe2 {[%emt 0:02:26]} 22. Na5 {[%emt 0:11:53]} Bf6 {[%emt 0:02:24]} 23. Qxa7 {[%emt 0:00:49]} Qb5 {[%emt 0:09:20]} 24. Bf4 {[%emt 0:11:36]} e5 {[%emt 0:05:02]} 25. Bh6 {[%emt 0:00:02]} Rfe8 {[%emt 0:00:58]} 26. Rac1 {[%emt 0:05:37]} e4 {[%emt 0:00:05]} 27. Bf4 {[%emt 0:05:37]} Nf8 {[%emt 0:02:22]} 28. Bf1 {[%emt 0:05:24]} Qh5 {[%emt 0:00:12]} 29. Bc4 {[%emt 0:00:01]} Rd7 {[%emt 0:00:33]} 30. Qb6 {[%emt 0:00:42]} Bd8 {[%emt 0:00:12]} 31. Qxb4 {[%emt 0:06:18]} Qxa5 {[%emt 0:00:07]} 32. Qb8 {[%emt 0:00:06]} Qa7 {[%emt 0:00:52]} 33. Qc8 {[%emt 0:01:04]} Bb7 {[%emt 0:00:30]} 34. Qb8 {[%emt 0:03:28]} Qxb8 {[%emt 0:00:10]} 35. Bxb8 {[%emt 0:00:01]} Bg5 {[%emt 0:00:09]} 0-1

[Event "XII Closed IM BCC 2021"]
[Site "Barcelona"]
[Date "2021.03.19"]
[Round "5.4"]
[White "Benedetti, Julio"]
[Black "Boyer, Mahel"]
[Result "0-1"]
[WhiteElo "2282"]
[BlackElo "2333"]
[Annotator "NA"]
[PlyCount "126"]
[EventDate "2021.03.15"]
[EventType "tourn"]
[EventCountry "ESP"]
[SourceTitle "playchess.com"]
[Source "ChessBase"]
[SourceQuality "1"]
[TimeControl "5400+30"]

1. e4 e6 2. d4 d5 3. Nc3 Nf6 4. Bg5 Bb4 5. e5 h6 6. Bc1 Ne4 7. Qg4 g6 8. Bd3 c5 9. Bxe4 dxe4 10. Qxe4 Qxd4 11. Qxd4 cxd4 12. a3 Ba5 13. b4 dxc3 14. bxa5 Nc6 15. Ne2 Nxe5 16. O-O Bd7 17. Rb1 Bc6 18. Nd4 O-O-O 19. Bf4 Rd5 20. a6 Rhd8 21. Rb3 Rxd4 22. Bxe5 Rc4 23. axb7+ Bxb7 24. Rxc3 Rxc3 25. Bxc3 Rd5 26. f3 Rc5 27. Bd4 Ra5 28. Ra1 Ra4 29. Be3 g5 30. Kf2 a6 31. h3 e5 32. Rd1 Rxa3 33. Rd6 Rc3 34. Rxh6 Rxc2+ 35. Kg3 a5 36. Bxg5 a4 37. Bf6 e4 38. Rh4 a3 39. fxe4 Kd7 40. Kf3 a2 41. Rh5 Ke6 42. Bd4 Rc4 43. Re5+ Kd6 44. Bb2 Rb4 45. Ba1 Rb1 46. Bd4 a1=Q 47. Bxa1 Rxa1 48. Re8 f5 49. Kf4 Rf1+ 50. Ke3 fxe4 51. Rb8 Bd5 52. Rd8+ Ke5 53. Rh8 Re1+ 54. Kf2 Ra1 55. g4 Kd4 56. Re8 Ra2+ 57. Kg3 e3 58. g5 Rg2+ 59. Kf4 Rf2+ 60. Kg3 Rg2+ 61. Kf4 e2 62. g6 Rf2+ 63. Kg4 Be4 0-1

[Event "XII Closed IM BCC 2021"]
[Site "Barcelona"]
[Date "2021.03.19"]
[Round "5.5"]
[White "Hernandez, Cristian Andres"]
[Black "Alcala Gonzalez, Cesar"]
[Result "1-0"]
[WhiteElo "2355"]
[BlackElo "2110"]
[Annotator "NA"]
[PlyCount "119"]
[EventDate "2021.03.15"]
[EventType "tourn"]
[EventCountry "ESP"]
[SourceTitle "playchess.com"]
[Source "ChessBase"]
[SourceQuality "1"]
[TimeControl "5400+30"]

1. d4 {[%emt 0:00:00]} d5 {[%emt 0:00:00]} 2. c4 {[%emt 0:00:00]} c6 {[%emt 0:00:00]} 3. Nc3 {[%emt 0:00:10]} Nf6 {[%emt 0:00:00]} 4. cxd5 {[%emt 0:00:45]} cxd5 {[%emt 0:00:00]} 5. Bf4 {[%emt 0:00:08]} Nc6 {[%emt 0:00:35]} 6. e3 {[%emt 0:00:09]} Bf5 {[%emt 0:00:12]} 7. Rc1 {[%emt 0:04:39]} e6 {[%emt 0:01:45]} 8. Qb3 {[%emt 0:03:35]} Qb6 {[%emt 0:07:43]} 9. Qxb6 {[%emt 0:01:56]} axb6 {[%emt 0:00:01]} 10. a3 {[%emt 0:00:14]} Be7 {[%emt 0:01:48]} 11. Nf3 {[%emt 0:05:13]} O-O {[%emt 0:01:05]} 12. Be2 {[%emt 0:01:51]} Rac8 {[%emt 0:13:36]} 13. Nd2 {[%emt 0:03:31]} Nd7 {[%emt 0:06:06]} 14. O-O {[%emt 0:10:19]} f6 {[%emt 0:05:21]} 15. Bg3 {[%emt 0:00:27]} Bg6 {[%emt 0:06:52]} 16. Bg4 {[%emt 0:01:41]} f5 {[%emt 0:02:19]} 17. Be2 {[%emt 0:05:10]} Bf7 {[%emt 0:13:30]} 18. Nb5 {[%emt 0:00:53]} e5 {[%emt 0:01:28]} 19. dxe5 {[%emt 0:10:30]} Ndxe5 {[%emt 0:00:22]} 20. Rfd1 {[%emt 0:22:11]} Rfd8 {[%emt 0:07:26]} 21. Nf3 {[%emt 0:01:07]} Bf6 {[%emt 0:13:18]} 22. Nd6 {[%emt 0:06:18]} Rxd6 {[%emt 0:01:34]} 23. Bxe5 {[%emt 0:00:05]} Bxe5 {[%emt 0:00:18]} 24. Nxe5 {[%emt 0:00:04]} Rcd8 {[%emt 0:00:24]} 25. Nf3 {[%emt 0:00:58]} g6 {[%emt 0:02:41]} 26. Nd4 {[%emt 0:02:28]} Nxd4 {[%emt 0:00:57]} 27. Rxd4 {[%emt 0:00:30]} Rc6 {[%emt 0:00:06]} 28. Rcd1 {[%emt 0:00:40]} Rc2 {[%emt 0:00:52]} 29. R4d2 {[%emt 0:00:08]} Rdc8 {[%emt 0:00:51]} 30. g3 {[%emt 0:01:49]} Kg7 {[%emt 0:01:04]} 31. Kf1 {[%emt 0:05:58]} Rxd2 {[%emt 0:00:46]} 32. Rxd2 {[%emt 0:00:06]} Rc1+ {[%emt 0:00:39]} 33. Kg2 {[%emt 0:00:37]} Kf6 {[%emt 0:00:53]} 34. Bf3 {[%emt 0:00:41]} Ke5 {[%emt 0:01:05]} 35. Rd4 {[%emt 0:00:15]} Kd6 {[%emt 0:01:54]} 36. Rd2 {[%emt 0:03:23]} Be6 {[%emt 0:02:17]} 37. h4 {[%emt 0:00:11]} Kc5 {[%emt 0:00:48]} 38. h5 {[%emt 0:00:27]} g5 {[%emt 0:00:54]} 39. h6 {[%emt 0:00:53]} Kd6 {[%emt 0:00:32]} 40. g4 {[%emt 0:03:08]} fxg4 {[%emt 0:03:07]} 41. Bxd5 {[%emt 0:00:07]} Ke5 {[%emt 0:00:45]} 42. Bxe6 {[%emt 0:01:46]} Kxe6 {[%emt 0:00:01]} 43. Rd4 {[%emt 0:00:06]} Kf5 {[%emt 0:01:15]} 44. Rd7 {[%emt 0:00:10]} Rc2 {[%emt 0:01:10]} 45. b4 {[%emt 0:00:43]} Kg6 {[%emt 0:00:24]} 46. Rd6+ {[%emt 0:02:21]} Kh5 {[%emt 0:00:31]} 47. Kg3 {[%emt 0:00:31]} Ra2 {[%emt 0:01:24]} 48. Rxb6 {[%emt 0:00:17]} Rxa3 {[%emt 0:00:05]} 49. Rxb7 {[%emt 0:00:12]} Rb3 {[%emt 0:00:34]} 50. Rxh7 {[%emt 0:01:31]} Rxb4 {[%emt 0:00:11]} 51. Rh8 {[%emt 0:00:13]} Kg6 {[%emt 0:00:26]} 52. h7 {[%emt 0:00:20]} Rb5 {[%emt 0:01:51]} 53. Kxg4 {[%emt 0:00:07]} Rb4+ {[%emt 0:00:06]} 54. Kg3 {[%emt 0:01:24]} Rb5 {[%emt 0:00:08]} 55. e4 {[%emt 0:00:52]} Kg7 {[%emt 0:01:31]} 56. Rf8 {[%emt 0:01:08]} Kxh7 {[%emt 0:00:19]} 57. Rf5 {[%emt 0:00:08]} Rb3+ {[%emt 0:00:50]} 58. Kg4 {[%emt 0:00:25]} Kh6 {[%emt 0:00:11]} 59. Rxg5 {[%emt 0:00:35]} Rb2 {[%emt 0:00:15]} 60. Rf5 {[%emt 0:00:13]} 1-0

[Event "XII Closed IM BCC 2021"]
[Site "Barcelona"]
[Date "2021.03.20"]
[Round "6.1"]
[White "Girel, Joseph"]
[Black "Alcala Gonzalez, Cesar"]
[Result "1-0"]
[WhiteElo "2310"]
[BlackElo "2110"]
[Annotator "TA"]
[PlyCount "53"]
[EventDate "2021.03.15"]
[EventType "tourn"]
[EventCountry "ESP"]
[SourceTitle "playchess.com"]
[Source "ChessBase"]
[SourceQuality "1"]

{[%evp 9,53,0,24,34,18,21,26,26,25,31,16,18,25,21,48,29,36,0,13,-68,-56,-77,-52,-82,-35,-35,-30,-48,28,33,33,62,37,0,249,237,535,527,509,533,843,912,2063,1982,1867,1818]} 1. e4 c6 2. d4 d5 3. e5 c5 4. dxc5 e6 5. a3 Nc6 6. Nf3 {B12: Caro-Kann: Advance Variation.} Bxc5 7. b4 Bb6 8. Bd3 {White has an edge.} Nge7 9. O-O Ng6 10. Bb2 $1 {10.Bb2 is better than 10.Re1.} Nf4 11. c4 O-O 12. Nc3 (12. c5 $5 {[%cal Rc5b6]} Nxd3 13. Qxd3 $11) 12... f6 13. exf6 Qxf6 14. Na4 (14. c5 $11 Bd8 15. Bc2) 14... Bd4 $15 15. Nxd4 Nxd4 16. Kh1 {[#]} e5 $146 (16... Qg5 {seems wilder.} 17. Rg1 Rf6 18. g3 Nxd3 19. Qxd3 e5) ({Predecessor:} 16... Qg5 17. Rg1 e5 18. cxd5 Rf6 19. Bf1 Rh6 20. h3 Nde2 21. Qb3 Bxh3 {0-1 (21) Kryvoruchko,Y (2703)-Adhiban,B (2661) Sharjah 2018}) 17. Bxd4 exd4 18. cxd5 $1 Qg5 (18... Nxd3 $15 19. Qxd3 Bf5) 19. Be4 $36 {[%mdl 2048] Black is under pressure.} Bf5 20. Qxd4 Rf6 {White must now prevent ...Rh6!} 21. g3 Rh6 $2 22. Bf3 $18 (22. gxf4 Qxf4 23. Qxg7+ Kxg7 24. Rg1+ Kh8 25. Rg2 Bxe4 26. Kg1 Bxg2 27. h4 Rxh4 28. Kxg2 Rh2+ 29. Kg1 Qxf2#) (22. Bxf5 {[#]} Qh5 $1 23. Be6+ Kh8 24. Qxg7+ Kxg7 25. h4 Qf3+ 26. Kh2 Qg2#) 22... Rh3 $2 (22... Bc2 23. Nc5 (23. gxf4 $2 Qh4 $19) 23... Qf5 24. Qxf4 Qh3) 23. Rae1 {White is clearly winning.} Qh6 24. Kg1 ({Weaker is} 24. Qxf4 Qxf4 25. gxf4 Rxf3 $14) (24. gxf4 Rxf3 25. d6 Rd3 $16) 24... Bd3 25. d6 {And now d7 would win.} Bxf1 26. d7 ({Not} 26. Kxf1 Rxh2 27. gxf4 Rh1+ 28. Ke2 (28. Bxh1 Qxh1+ 29. Ke2 Re8+ 30. Qe5 Rxe5+ 31. fxe5 Qd5 $15) 28... Re8+ 29. Kd2 Rhxe1 $16) 26... Ne6 {[#]} 27. Rxe6 $1 {[%mdl 512] Weighted Error Value: White=0.12/Black=0.44} 1-0

[Event "XII Closed IM BCC 2021"]
[Site "Barcelona"]
[Date "2021.03.20"]
[Round "6.2"]
[White "Boyer, Mahel"]
[Black "Hernandez, Cristian Andres"]
[Result "1-0"]
[WhiteElo "2333"]
[BlackElo "2355"]
[Annotator "TA"]
[PlyCount "109"]
[EventDate "2021.03.15"]
[EventType "tourn"]
[EventCountry "ESP"]
[SourceTitle "playchess.com"]
[Source "ChessBase"]
[SourceQuality "1"]

{[%evp 11,109,21,16,13,20,0,0,0,0,0,46,35,30,60,74,78,81,72,68,77,94,96,94,46,46,49,56,45,60,20,30,0,0,7,21,16,36,31,61,35,125,60,60,69,79,77,62,62,237,236,372,372,993,981,941,383,331,369,314,347,332,358,345,333,356,376,355,268,268,268,330,268,433,420,463,374,508,477,496,420,543,530,535,527,567,579,573,549,1675,908,5065,5065,2008,1133,1003,1000,5214,5210,5177,5177]} 1. e4 c5 2. Nf3 d6 3. d4 cxd4 4. Nxd4 Nf6 5. Nc3 a6 6. g3 e5 7. Nb3 {B91: Sicilian Najdorf: 6 g3.} Be7 8. Bg5 Be6 9. Bxf6 {The position is equal.} Bxf6 10. Qd3 Be7 11. O-O-O Nd7 12. f4 Rc8 {[#]} 13. f5 $146 ({Predecessor:} 13. Kb1 b5 14. h4 O-O 15. f5 Bc4 16. Qf3 Bxb3 17. axb3 Qc7 18. Rh2 Nb6 19. g4 {0-1 (38) Harshita,G (2123)-Yakubbaeva,N (2281) New Delhi 2019}) 13... Bc4 14. Qf3 b5 15. Bxc4 Rxc4 16. Kb1 Nb6 17. Nd5 Nxd5 18. Rxd5 Qc7 19. Qd3 O-O 20. Nd2 Rc5 21. Nf1 Rxd5 22. Qxd5 Bg5 23. h4 Bh6 24. Nh2 Be3 25. f6 Qd7 {[#]} (25... gxf6 $2 26. Ng4 $18) ({Black should try} 25... Qc4 $14) 26. Qd3 ({White should play} 26. Qd1 $1 $16) 26... Bc5 $14 27. Qf3 Qe6 28. Rf1 g6 29. h5 $1 h6 $2 {Loses the game.} (29... Rd8 $14) 30. Ng4 $18 Kh7 (30... g5 $142 31. Qf5 (31. Nxh6+ Kh7 $18) 31... Qxf5 32. Nxh6+ {[%mdl 64] Double Attack} (32. Rxf5 Kh7 $14) 32... Kh7 33. Nxf5 (33. Rxf5 $2 Kxh6 34. g4 b4 $19) 33... g4) 31. hxg6+ Kxg6 $2 {[#]} (31... fxg6 32. Nxh6 Rxf6 33. Qxf6 Qxf6 34. Rxf6 Kxh6) 32. Nxh6 $1 {[%mdl 512]} Kxh6 (32... Rh8 33. Nf5) 33. Qh1+ (33. Rh1+ $142 Kg6 {[#]} 34. Rh7 $3 {[%mdl 512]}) 33... Kg6 34. Qh4 {Intending g4 and mate.} ({Don't do} 34. Rf5 Qxf6 35. Qf3 (35. Rxf6+ Kxf6 36. c3 Ke7 $18) 35... Qg5 $18) 34... Be3 {...Bg5 is the strong threat.} 35. Rf5 Qxf5 36. exf5+ Kxf5 {[%mdl 4096] Endgame KQ-KRB} 37. Qh5+ Bg5 38. Qf3+ Ke6 39. Qg4+ Kxf6 40. Qd7 Rh8 {[%cal Rh8h1]} 41. Qxd6+ Kf5 $2 (41... Kg7 {was called for.} 42. Qxe5+ Bf6) 42. a4 bxa4 43. Qd3+ Kf6 44. Qxa6+ Kf5 45. Qd3+ Ke6 46. Qc4+ {White is clearly winning.} Kf6 47. Qxa4 Rh1+ 48. Ka2 {Black must now prevent Qc6+.} Re1 49. Qc6+ Ke7 50. b4 {[%cal Bb2b4,Bb4b5][%mdl 32]} Be3 51. Qc3 Bf2 52. b5 Re2 53. Qd3 Re1 54. Qd2 Bxg3 55. Qg5+ {[%mdl 64] Double Attack.  Weighted Error Value: White=0.26/Black=0.39} 1-0